Wirtschaftskrise und ihre Widerspiegelung in der Fachsprache diplomová práca

Uložené v:
Podrobná bibliografia
Hlavný autor: Michalov, Peter
Korporativný autor: Fakulta aplikovaných jazykov EU v Bratislave. Katedra jazykovedy a translatológie
Ďalší autori: Lišková, Danuša
Médium: Kniha
Jazyk:German
Vydavateľské údaje: Bratislava 2018
Tagy: Pridať tag
Žiadne tagy, Buďte prvý, kto otaguje tento záznam!

MARC

LEADER 00000nbm a2200000 4500
001 0244057
005 20181011145258.0
041 0 |a ger 
044 |a SK 
245 1 0 |a Wirtschaftskrise und ihre Widerspiegelung in der Fachsprache  |b diplomová práca  |c Peter Michalov ; školiteľ: Danuša Lišková 
264 1 |a Bratislava  |c 2018 
300 |a 72 s. 
100 1 |a Michalov, Peter 
700 1 |a Lišková, Danuša 
710 2 |a Fakulta aplikovaných jazykov EU v Bratislave. Katedra jazykovedy a translatológie